Оптические юстировочные задачи: справочное пособие

التفاصيل البيبلوغرافية
المؤلف الرئيسي: Погарев Г. В. Георгий Васильевич
الملخص:В книге содержатся краткие сведения из оптотехники и необходимые расчетные формулы. Приведены решения многих типовых, в том числе и сложных, практических задач, наиболее часто встречающихся при разработке, конструировании, изготовлении, эксплуатации и ремонте современных оптических приборов.
اللغة:الروسية
منشور في: Ленинград, Машиностроение, 1974
الموضوعات:
التنسيق: كتاب
KOHA link:https://koha.lib.tpu.ru/cgi-bin/koha/opac-detail.pl?biblionumber=78153

MARC

LEADER 00000nam0a2200000 4500
001 78153
005 20231031093724.0
035 |a (RuTPU)RU\TPU\book\83764 
090 |a 78153 
100 |a 20050611d1974 km y0rusy50 ca 
101 0 |a rus 
102 |a RU 
105 |a a g 001zy 
200 1 |a Оптические юстировочные задачи  |e справочное пособие  |f Г. В. Погарев 
210 |a Ленинград  |c Машиностроение  |d 1974 
215 |a 224 с.  |c ил. 
320 |a Библиогр.: с. 219-220. 
330 |a В книге содержатся краткие сведения из оптотехники и необходимые расчетные формулы. Приведены решения многих типовых, в том числе и сложных, практических задач, наиболее часто встречающихся при разработке, конструировании, изготовлении, эксплуатации и ремонте современных оптических приборов. 
610 1 |a оптические приборы 
610 1 |a юстировка 
610 1 |a задачи 
610 1 |a решение 
610 1 |a справочные пособия 
675 |a 681.4.07(035)  |v 3 
700 1 |a Погарев  |b Г. В.  |g Георгий Васильевич 
801 1 |a RU  |b 63413507  |c 20050611  |g PSBO 
801 2 |a RU  |b 63413507  |c 20160929  |g PSBO 
942 |c BK